000 00459nam a2200193Ia 4500
005 20240823030552.0
008 240823s9999||||xx |||||||||||||| ||und||
020 _a81-239-1041-X
041 _aENGLISH
082 _A620.1064 P1
100 _aHarvey F John
245 0 _aTheory and Design of Pressure Vessels
250 _a1st
260 _c2001
_b#VALUE!
500 _aYES
650 _aPressure Vessels
_bMechanical
942 _cBK
999 _c189003
_d189003